000 01188nam0a22002411 4500
001 rc\4877019
005 20260412030507.0
035 _a(NLR Aleph) 008824809
090 _a8244995
_c8244995
100 _a20130426a19589999|||y0rusy50 ca
101 0 _arus
102 _aRU
105 _ay d |||||
200 1 _aСборник аннотаций и рефератов
_e[По материалам ГНБ]
_fГос. Комитет Совета Министров СССР по делам строительства. Главстройпроект. Всесоюз. центр. гос. проектный ин-т "Центрогипрошахтострой"
210 _aМосква
_cБ. и.
_d1958-
300 _aЛитогр.
710 0 2 _a"Центрогипрошахтострой", институт
_cМосква
_3RU\NLR\AUTH\8810012475
_9522764
801 0 _aRU
_bNLR
_gpsbo
801 1 _aRU
_bELAR
_2rusmarc
830 _aПеречень имеющихся в библиотеке томов, номеров, годов этого издания смотри в каталоге периодических изданий
852 _aNLR
_jС335-480/С-23
942 _cBOOK
980 _aNB